| 000 | 00376nam a2200157Ia 4500 | ||
|---|---|---|---|
| 005 | 20250421170114.0 | ||
| 008 | 231217s9999 xx 000 0 und d | ||
| 020 | _a9788131214626 | ||
| 082 | _a511.8 ROS;2 | ||
| 100 | _aRoss, Sheldon M. | ||
| 245 | 0 | _aSimulation | |
| 250 | _a4th ed. | ||
| 260 |
_c2006 _bAcademic press _aBurlington |
||
| 300 | _axiii, 298 | ||
| 942 | _cAA | ||
| 999 |
_c185031 _d185031 |
||